|
|
|
|
| LEADER |
00000cam a22000004a 4500 |
| 001 |
musev2_81083 |
| 003 |
MdBmJHUP |
| 005 |
20230905052328.0 |
| 006 |
m o d |
| 007 |
cr||||||||nn|n |
| 008 |
201219s2021 mnu o 00 0 eng d |
| 020 |
|
|
|a 9781506438221
|
| 020 |
|
|
|z 1506433472
|
| 020 |
|
|
|z 9781506433479
|
| 020 |
|
|
|z 1506438229
|
| 035 |
|
|
|a (OCoLC)1227392722
|
| 040 |
|
|
|a MdBmJHUP
|c MdBmJHUP
|
| 100 |
1 |
|
|a Lange, Dirk G.
|
| 245 |
1 |
0 |
|a Today Everything is Different :
|b An Adventure in Prayer and Action
|
| 264 |
|
1 |
|a Minneapolis, Minnesota :
|b Fortress Press,
|c 2021.
|
| 264 |
|
3 |
|a Baltimore, Md. :
|b Project MUSE,
|c 2021
|
| 264 |
|
4 |
|c ©2021.
|
| 300 |
|
|
|a 1 online resource (220 pages).
|
| 336 |
|
|
|a text
|b txt
|2 rdacontent
|
| 337 |
|
|
|a computer
|b c
|2 rdamedia
|
| 338 |
|
|
|a online resource
|b cr
|2 rdacarrier
|
| 490 |
0 |
|
|a Word & World ;
|v v.9
|
| 500 |
|
|
|a Description based upon print version of record.
|
| 505 |
0 |
|
|a Front Cover -- Today Everything Is Different -- Title Page -- Dedication -- Contents -- Abbreviations -- Introduction -- Spirituality -- Today: Everything Is Different -- Faith and Prayer -- Baptismal Spirituality -- Communal Prayer -- Patterns Interrupted -- Postlude -- Notes -- Bibliography -- Acknowledgments -- Back Cover
|
| 520 |
|
|
|a In Today Everything Is Different Dirk Lange does not fail to deliver the ""unexpected"" in helping readers gain both a greater understanding of Christian spirituality and a path to it. On this adventure, the reader will explore the foundational underpinnings of baptism, the impact of prayer in many forms--especially in community--and the insights of giants like Luther and Bonhoeffer. The great beauty of the book, however, is found in the incredibly moving stories Lange shares.
|
| 588 |
|
|
|a Description based on print version record.
|
| 650 |
|
0 |
|a Spirituality.
|
| 650 |
|
0 |
|a Baptism.
|
| 650 |
|
0 |
|a Prayer.
|
| 655 |
|
7 |
|a Electronic books.
|2 local
|
| 710 |
2 |
|
|a Project Muse.
|e distributor
|
| 830 |
|
0 |
|a Book collections on Project MUSE.
|
| 856 |
4 |
0 |
|z Texto completo
|u https://projectmuse.uam.elogim.com/book/81083/
|
| 945 |
|
|
|a Project MUSE - Custom Collection
|
| 945 |
|
|
|a Project MUSE - 2021 Complete
|
| 945 |
|
|
|a Project MUSE - 2021 Philosophy and Religion
|